Loading...
Literature - World Literature | 1 | 5 | 1 | 0 | 60 | 75 | 126.83 | 1 | 1 |
Literature - American Literature | 2 | 3 | 0 | 0 | 60 | 34 | 91.40 | 2 | 3 |
Literature - British Literature | 0 | 5 | 0 | 1 | 50 | 121 | 140.20 | 1 | 2 |
Literature - European Literature | 0 | 5 | 1 | 1 | 45 | 127 | 153.80 | 0 | 1 |
Other Academic | 1 | 1 | 0 | 0 | 25 | 60 | 74.00 | 1 | 1 |
Fine Arts - Classical Music and Opera | 2 | 0 | 1 | 0 | 25 | 51 | 61.50 | 2 | 2 |
Fine Arts - Other Fine Arts | 0 | 3 | 1 | 1 | 25 | 123 | 131.00 | 0 | 0 |
Fine Arts - Visual Fine Arts | 0 | 3 | 1 | 0 | 25 | 110 | 138.67 | 0 | 2 |
Geography | 0 | 1 | 0 | 1 | 10 | 139 | 139.00 | 0 | 0 |
Philosophy | 0 | 1 | 0 | 0 | 10 | 133 | 133.00 | 0 | 0 |
Social Science | 0 | 0 | 2 | 0 | -10 | 0.00 | 0 | 0 | |
Beliefs | 0 | 0 | 3 | 0 | -15 | 0.00 | 0 | 0 |